Tests ABC: verificación de la madurez necesaria para el aprendizaje de la lectura y escritura

Saved in:
Bibliografiske detaljer
Hovedforfatter: Lourenco Filho, Manoel Bergstrom (autor)
Format: Bog
Sprog:spansk
Udgivet: Buenos Aires Kapelusz 1960
Udgivelse:6a. ed
Serier:Biblioteca de Psicología Contemporánea
Fag:
Tags: Tilføj Tag
Ingen Tags, Vær først til at tagge denne postø!

MARC

LEADER 00000nam a2200000 a 4500
001 UCW4148
003 CL-VaPUC
008 890928e19600000AG |||||||||||||||||spa|d
082 0 4 |a 371.26  |b LOU  |2 21 
100 |a Lourenco Filho, Manoel Bergstrom  |e autor  |9 472073 
245 1 0 |a Tests ABC: verificación de la madurez necesaria para el aprendizaje de la lectura y escritura 
250 |a 6a. ed 
300 |a 239 p 
942 |c BK 
945 |d 19890928 00:00:00 
260 |a Buenos Aires  |b Kapelusz  |c 1960 
500 |a Anexo: 40 Formularios individuales de Préstamo Restringido 
650 7 |a TEST ABC  |2 CL-VaPUC  |9 308718 
650 7 |a TESTS Y MEDICIONES EDUCACIONALES  |2 CL-VaPUC  |9 308719 
583 |a last modification  |c 19890928 00:00:00  |k Rodrigo Vera 
490 0 |a Biblioteca de Psicología Contemporánea 
999 |c 217941  |d 217939 
952 |0 0  |1 0  |4 0  |6 371_260000000000000_LOU_1960  |7 0  |8 R  |9 206635  |a BIBEDU  |b BIBEDU  |c MCIRC  |d 2019-11-15  |i 1550144  |o 371.26 LOU 1960  |p 1550144  |r 2023-01-13  |w 2019-11-15  |y BK_R  |k EDU 
952 |0 0  |1 0  |4 0  |6 371_260000000000000_LOU_1960  |7 0  |8 R  |9 206636  |a BIBEDU  |b BIBEDU  |c MCIRC  |d 2019-11-15  |i 2744635  |o 371.26 LOU 1960  |p 2744635  |r 2023-01-13  |w 2019-11-15  |y BK_R  |k EDU 
952 |0 0  |1 0  |4 0  |6 371_260000000000000_LOU_1960  |7 0  |8 A  |9 206637  |a FDOPOS  |b FDOPOS  |d 2019-11-15  |i 4315952  |o 371.26 LOU 1960  |p 4315952  |r 2025-01-22  |w 2019-11-15  |y BK  |k MLA